UBT Library

Understaning Business (Record no. 48174)

000 -LEADER
fixed length control field 00303nam a22001337a 4500
008 - FIXED-LENGTH DATA ELEMENTS--GENERAL INFORMATION
fixed length control field 180921b xxu||||| |||| 00| 0 eng d
020 ## - INTERNATIONAL STANDARD BOOK NUMBER
International Standard Book Number 9780256095487
041 ## - LANGUAGE CODE
Language code of text/sound track or separate title eng
080 ## - UNIVERSAL DECIMAL CLASSIFICATION NUMBER
Universal Decimal Classification number 330
Edition identifier 3 ed
Item number 330
100 ## - Rafti
Rafti 49
101 ## - Shkurtesa
Shkurtesa BUS
245 ## - TITLE STATEMENT
Title Understaning Business
Statement of responsibility, etc Nickels M
942 ## - ADDED ENTRY ELEMENTS (KOHA)
Source of classification or shelving scheme
Item type Books
Holdings
Withdrawn status Lost status Source of classification or shelving scheme Damaged status Not for loan Collection code Permanent location Current location Shelving location Date acquired Total Checkouts Full call number Barcode Date last seen Price effective from Koha item type
          Koleksioni i përgjithshem UBT - Lipjan UBT - Lipjan Koleksioni i përgjithshem 09/21/2018   541 ROC 002-3013192 09/21/2018 09/21/2018 Books
UBT Library © 2015-2024. All rights reserved University Education for Business and Technology